<?xml version="1.0" encoding="UTF-8"?><?xml-stylesheet type="text/xsl" href="static/style.xsl"?><OAI-PMH xmlns="http://www.openarchives.org/OAI/2.0/" xmlns:xsi="http://www.w3.org/2001/XMLSchema-instance" xsi:schemaLocation="http://www.openarchives.org/OAI/2.0/ http://www.openarchives.org/OAI/2.0/OAI-PMH.xsd"><responseDate>2026-05-17T19:03:20Z</responseDate><request verb="GetRecord" identifier="oai:recam.amb.cat:20.500.14439/4790" metadataPrefix="marc">https://recam.amb.cat/rest/oai/request</request><GetRecord><record><header><identifier>oai:recam.amb.cat:20.500.14439/4790</identifier><datestamp>2026-05-06T23:45:39Z</datestamp><setSpec>com_20.500.14439_2628</setSpec><setSpec>com_20.500.14439_123</setSpec><setSpec>col_20.500.14439_4787</setSpec></header><metadata><record xmlns="http://www.loc.gov/MARC21/slim" xmlns:dcterms="http://purl.org/dc/terms/" xmlns:xsi="http://www.w3.org/2001/XMLSchema-instance" xmlns:doc="http://www.lyncode.com/xoai" xsi:schemaLocation="http://www.loc.gov/MARC21/slim http://www.loc.gov/standards/marcxml/schema/MARC21slim.xsd">
   <leader>00925njm 22002777a 4500</leader>
   <datafield ind2=" " ind1=" " tag="042">
      <subfield code="a">dc</subfield>
   </datafield>
   <datafield ind2=" " ind1=" " tag="720">
      <subfield code="a">Observatori Metropolità de l'Habitatge de Barcelona</subfield>
      <subfield code="e">author</subfield>
   </datafield>
   <datafield ind2=" " ind1=" " tag="260">
      <subfield code="c">2024-12-01</subfield>
   </datafield>
   <datafield ind2=" " ind1=" " tag="520">
      <subfield code="a">En el primer apartat, es presenten les dades sobre el volum de la demanda d’habitatge i règim de tinença escollit pels diferents àmbits territorials. El segon apartat mostra el volum de la demanda d’habitatge de determinats col·lectius definits per categories socials i demogràfiques. De forma relacionada, el tercer apartat descriu el perfil social i demogràfic del demandant de propietat i de lloguer, partint de les mateixes categories. El quart apartat caracteritza la demanda d’habitatge pel que fa al temps dedicat a la cerca, així com la motivació i localització. Finalment es presenten els resultats pel que fa als preus disposats a pagar pels demandants d’habitatge. L’informe conclou amb una nota 
metodològica que permet aprofundir en el disseny i el procés de realització d’aquesta operació estadística, i s’acompanya de referències bibliogràfiques degudament llistades.</subfield>
   </datafield>
   <datafield ind1="8" ind2=" " tag="024">
      <subfield code="a">https://hdl.handle.net/20.500.14439/4790</subfield>
   </datafield>
   <datafield tag="653" ind2=" " ind1=" ">
      <subfield code="a">Habitatge</subfield>
   </datafield>
   <datafield tag="653" ind2=" " ind1=" ">
      <subfield code="a">Preus</subfield>
   </datafield>
   <datafield ind2="0" ind1="0" tag="245">
      <subfield code="a">Enquesta de demanda d'habitatge a Catalunya: quart trimestre de 2024</subfield>
   </datafield>
</record></metadata></record></GetRecord></OAI-PMH>